000
00211nam a2200097Ia 4500
008
190216s9999||||xx |||||||||||||| ||und||
100
_a
Shanthi Narayan
245
0
_a
Vector Algebra
260
_b
Null
942
_c
BK
999
_c
12218
_d
12218